000 00947 a2200217 4500
003 Nust
005 20221019170845.0
010 _a 91024071
020 _a0534928005 (alk. paper)
040 _cNust
082 0 0 _a620.00151,ZIL
100 1 _aZill, Dennis G.,
_91266
245 1 0 _aAdvanced engineering mathematics /
_cDennis G. Zill, Michael R. Cullen.
260 _aBoston :
_bPWS-KENT Pub. Co.,
_cc1992.
300 _axv, 1098, 102 p. :
_bill. ;
_c26 cm.
440 0 _aPrindle, Weber & Schmidt series in mathematics
_9100905
505 _aPart 1: Ordinary Differential Equations (Page-1), Part 2: Vectors Matrices and Vector Calculus (Page-321), Part 3: Systems of Differential Equations (Page-617), Part 4; Fourier series and Boundary value Problems (Page-623), Part 5: Numerical Analysis (Page-843), Part 6: Complex Analysis (Page-929).
650 0 _aEngineering mathematics.
700 1 _aCullen, Michael R.
_910574
942 _cREF
_2ddc
999 _c175595
_d175595